Didáctica escolar para alumnos con TDAH : (Record no. 164613)
[ view plain ]
| 000 -CABECERA | |
|---|---|
| campo de control de longitud fija | 00766nam a2200229 u 4500 |
| 005 - FECHA Y HORA DE LA ÚLTIMA TRANSACCIÓN | |
| campo de control | 20240420063932.0 |
| 008 - ELEMENTOS DE LONGITUD FIJA--INFORMACIÓN GENERAL | |
| campo de control de longitud fija | 130828s2012 r 000 0 eng d |
| 020 ## - NÚMERO INTERNACIONAL NORMALIZADO PARA LIBROS | |
| Número Internacional Estándar del Libro | 9786077071167 |
| 035 ## - NÚMERO DE CONTROL DEL SISTEMA | |
| Número de control de sistema | UPN01000192511 |
| 049 ## - COLECCIÓN | |
| Colección | CG |
| 050 #4 - SIGNATURA TOPOGRÁFICA DE LA BIBLIOTECA DEL CONGRESO | |
| Número de clasificación | LC4713.2 |
| Número de documento/Ítem | C3.2 |
| 100 1# - ASIENTO PRINCIPAL--NOMBRE PERSONAL | |
| Nombre de persona | Casajús Lacosta, Angel María |
| 9 (RLIN) | 34365 |
| 245 10 - MENCIÓN DE TÍTULO | |
| Título | Didáctica escolar para alumnos con TDAH : |
| Resto del título | transtornos de déficit de atención con hiperactividad / |
| Mención de responsabilidad, etc. | Angel Ma. Casajús Lacosta. |
| 260 ## - PUBLICACIÓN, DISTRIBUCIÓN, ETC. | |
| Lugar de publicación, distribución, etc. | México : |
| Nombre del editor, distribuidor, etc. | Alfaomega, |
| Fecha de publicación, distribución, etc. | c2012. |
| 300 ## - DESCRIPCIÓN FÍSICA | |
| Extensión | 199 p. : |
| Otras características físicas | gráfs., cuadros |
| 440 #0 - MENCIÓN DE SERIE/ASIENTO SECUNDARIO--TÍTULO | |
| Título | Educación. |
| Nombre de parte o sección de la obra | Pedagogía y didáctica |
| 650 #4 - ASIENTO SECUNDARIO DE MATERIA - TERMINO TEMATICO | |
| Término de materia o nombre geográfico como elemento de entrada | Trastornos de la atención |
| 9 (RLIN) | 2909 |
| 650 #4 - ASIENTO SECUNDARIO DE MATERIA - TERMINO TEMATICO | |
| Término de materia o nombre geográfico como elemento de entrada | Hiperactividad |
| 9 (RLIN) | 3080 |
| 650 #4 - ASIENTO SECUNDARIO DE MATERIA - TERMINO TEMATICO | |
| Término de materia o nombre geográfico como elemento de entrada | Educación especial |
| 9 (RLIN) | 3029 |
| 905 ## - TIPO DE MATERIAL | |
| Tipo de material | Libro |
| Estado de retiro | Estado de pérdida | Fuente del sistema de clasificación o colocación | Estado dañado | No para préstamo | Código de colección | Localización permanente | Ubicación/localización actual | Ubicación en estantería | Fecha de adquisición | Total de préstamos | Clasificación | Código de barras | Fecha visto por última vez | Fecha del último préstamo | Número de copia | Tipo de ítem Koha | Precio válido a partir de |
|---|---|---|---|---|---|---|---|---|---|---|---|---|---|---|---|---|---|
| Library of Congress Classification | Colección General | Bib. Gregorio Torres Quintero | Bib. Gregorio Torres Quintero | Planta baja | 09/09/2022 | 48 | LC4713.2 C3.2 | 290407 | 29/04/2025 | 03/04/2025 | 1 | Libro | |||||
| Library of Congress Classification | Colección General | Bib. Gregorio Torres Quintero | Bib. Gregorio Torres Quintero | Planta baja | 18/05/2023 | 36 | LC4713.2 C3.2 | 290409 | 18/02/2025 | 04/02/2025 | 1 | Libro | |||||
| Library of Congress Classification | Colección General | Bib. Gregorio Torres Quintero | Bib. Gregorio Torres Quintero | Planta baja | 30 | LC4713.2 C3.2 | 290408 | 31/12/2020 | 1 | Libro | |||||||
| Library of Congress Classification | Colección General | Bib. Gregorio Torres Quintero | Bib. Gregorio Torres Quintero | Planta baja | 10/02/2023 | 3 | LC4713.2 C3.2 | 336129 | 11/11/2024 | 25/10/2024 | Ej.4 | Libro | 10/02/2023 |
